000 01225cam a22003131i 4500
003 SA-RiAUC
005 20250417062457.0
008 250416s1963 le a f b 00100 ara c
040 _aSA-RiAUC
_bara
_cSA-RiAUC
_erda
043 _aa-le---
082 0 4 _a342.56602
_qSA-RiAUC
090 _a342.56602
_b ح س ن
100 1 _aالحسن، حسن
_eمؤلف.
245 1 2 _aالقانون الدستوري والدستور في لبنان /
_cتأليف حسن الحسن.
250 _aالطبعة الثانية.
264 1 _aبيروت :
_bدار مكتبة الحياة،
_c1963
300 _a350 صفحة :
_bإيضاحيات ؛
_c24 سم
336 _aنص
_btxt
_2rdacontent
_3كتاب
337 _aبدون وسيط
_bn
_2rdamedia
338 _aمجلد
_bnc
_2rdacarrier
500 _aيشتمل على كشافات.
504 _aيشتمل على إرجاعات ببليوجرفية.
650 7 _aالقانون الدستوري
_zلبنان
_2aucsh
650 7 _aالدساتير
_zلبنان
_2aucsh
650 7 _aالسلطة التنفيذية
_zلبنان
_2aucsh
650 7 _aالسلطة القضائية
_zلبنان
_2aucsh
942 _2ddc
_cBOOK
_n0
949 _aSA-JeALM
_d250416
_umohamedma123
_n1
999 _c7101
_d7101